000 00845nam a22002297a 4500
001 47303
003 BD-RjUL
005 20211209054306.0
008 160808s2011 bg ||||| |||| 00| 0 ben d
020 _a9789845230342
_c: TK 350.00
035 _a(BD-RjUL)47422
040 _aBD-RjUL
_bben
_cBD-RjUL
041 _aben
082 _223
_a320.95492
_bHAD 2011
100 _aহরুন-অর-রশীদ
_9143976
245 1 0 _aদেশ নিয়ে ভাবনা যত /
_cহরুন-অর-রশীদ
260 _aঢাকা :
_bসাহিত্যম প্রকাশ,
_c২০১১
300 _a৩০৪ পৃ. ;
_c২১ সেমি.
650 _aসরকার ও রাজনীতি
_zবাংলাদেশ
_9143701
650 _aPolitics & Government
_zBangladsh
_9143977
942 _2ddc
_cBK
999 _c47303
_d47303